000 00211 a2200097 4500
001 46923
100 _aMessenger C
245 _athe art of blitzkrieg
260 _aLondon
_bIan Allan
_c
090 _c30002
_d30002
942 _aNUST-CAE
_cM
_c22229
999 _c281996
_d281996